Follow That Line: The Big Bang Theory Quiz Stats

 Plays Quiz Updated Aug 6, 2013

Support Sporcle.
Go Orange.
Score 0/20 Timer 06:00
2 Plays Today
% Correct
Yes, it's 'Penny get your own WiFi'; no spaces.
94.2%
Yeah, well your Ken can kiss my Barbie.
90.2%
I'm cute, I get by.
88.2%
That's a shame. I had a real zinger about my tilted uterus.
87.6%
If I don't have to boom-boom.
86.3%
I would prefer that you not, but I wouldn't go so far as to forbid it.
85.3%
Well, it sure ain't a wishin' well!
84.3%
Yes, but not of the same species.
83.9%
I don't know, a psychiatrist?
83.8%
My mom gave me the same lecture about my virginity.
83.4%
% Correct
Yes, well apparently neither does anyone else
83.2%
What?
83%
I say, 'Hey Ma, what's for dinner?'
81.2%
Not to mention imaginary.
81.2%
Yeah. Do you?
79.5%
Interesting, now try it without the quadruple negative.
78.6%
I'm a physicist, not a hippie!
76.3%
Was that the motto of your community college?
70.6%
I'm saying believe in magic, you muggle!
69.4%
Yes, how did we live before Twitter?
67.1%

You're not logged in!

Compare scores with friends on all Sporcle quizzes.
OR
Log In

From the Vault

Geography Sorting Blitz

by nopurplesky

Good luck trying to move all these mountains.
Remove Ads.
Support Sporcle.
Get the best of Sporcle when you Go Orange. This ad-free experience offers more features, more stats, and more fun while also helping to support Sporcle. Thank you for becoming a member.

Show Comments

Extras

Top Quizzes Today


Score Distribution

Your Account Isn't Verified!

In order to create a playlist on Sporcle, you need to verify the email address you used during registration. Go to your Sporcle Settings to finish the process.

Report this User

Report this user for behavior that violates our Community Guidelines.

Details: